000 00624nam a22001937a 4500
005 20220428151520.0
008 220428b ||||| |||| 00| 0 eng d
020 _a9789391060756
040 _cOCLC
082 _2DDC
_a320.3
_bDAS
100 _aDAS, DR. DIPEN
_eAUTHOR
245 _aTULANAMULAK PREKHYAPATAT RAJNAITIK PRAKRIYA ARU ANUSTHANSAMUH ( POLITICAL PROCESS AND INSTITUTIONS IN COMPARATIVE PERSPECTIVE) FOR 4TH Semester
_hASSAMESE
250 _a1ST
260 _aDIBRUGARH
_bBANALATA
_c2021
300 _a391p;
_c20CM
700 _aSAIKIA, DR. DIPEN
_eAUTHOR
700 _aDAS, BAIKUNTHA
_eAUTHOR
942 _2ddc
_cBK
999 _c25328
_d25328